000 00585nam a22001937a 4500
999 _c195224
_d195224
005 20230313161028.0
010 _aENG-136383
020 _a9788120340879
_c450.00
035 _aEN-119915
037 _bDBAD/PUB
082 _a004.16076
100 _aMathur, Sunil
245 _aMicroprocessor 8086 :
_cBy Sunil Mathur
_bArchitecture,Programming and Interfacing /
250 _a2011
260 _aNew Delhi
_bPHI Learning Pvt Ltd
270 _bNew Delhi
_aM-97, Connaught Circus,
_e110001
300 _axxiii672p.
_c23cm(pb)
942 _2ddc
_cEN
_mSUN
_h004.16076